000 00222 a2200097 4500
001 1960
100 _aBauer,PT
245 _aEconomics of Undergrouth Development countries
260 _a
_bCambridge
_c
090 _c1458
_d1458
942 _aNUST-CAE
_cM
_c5091
999 _c237033
_d237033